Hutchison's clinical methods : (رقم التسجيلة. 26124)

تفاصيل مارك
000 -الفاتح
حقل البيانات ثابتة الطول 02038cam a22003498a 4500
001 - رقم الضبط
رقم الضبط 16897679
003 - محدد رقم الضبط
رقم الضبط OSt
005 - وقت وتاريخ اخر تعامل مع التسجيلة
رقم الضبط 20150408114101.0
008 - عناصر البيانات ثابتة الطول - معلومات عامة
حقل البيانات ثابتة الطول 110727s2012 stk 001 0 eng
010 ## - رقم ضبط مكتبة الكونجرس
رقم ضبط مكتبة الكونجرس 2011032022
020 ## - الرقم الدولى المعيارى للكتب
الرقم الدولى المعيارى للكتاب 9780702040917
020 ## - الرقم الدولى المعيارى للكتب
الرقم الدولى المعيارى للكتاب 9780702040924 (International)
035 ## - رقم ضبط النظام
رقم ضبط النظام (DNLM)101565591
040 ## - مصدر الفهرسة
وكالة الفهرسة الأصلية Ma-Un
042 ## - رمز التحقق
رمز التحقق pcc
060 10 - رقم الطلب بالمكتبة الطبية الوطنية
رقم التصنيف WB 141
082 00 - رقم تصنيف ديوى العشرى
رقم التصنيف 616.075
رقم الطبعة 23
245 00 - بيان العنوان
العنوان Hutchison's clinical methods :
بقية العنوان an integrated approach to clinical practice.
246 1# - العنوان الموازى
عنوان صحيح/عنوان مختصر Clinical methods
250 ## - بيان الطبعة
بيان الطبعة 23rd ed. /
بقية بيان الطبعة edited by Michael Glynn, William M. Drake.
260 ## - PUBLICATION, DISTRIBUTION, ETC. (IMPRINT)
مكان الناشر او الموزع Edinburgh :
اسم الناشر او الموزع Elsevier,
تاريخ النشر أو التوزيع 2012.
263 ## - تاريخ النشر المتوقع
تاريخ النشر المتوقع 1204
300 ## - الوصف المادى
التعداد p. ;
أبعاد الوعاء cm.
500 ## - تبصرة عامة
تبصرة عامة Includes index.
505 0# - تبصرة محتويات-الفهرس
تبصرة المحتويات المصاغة Doctor and patient : general principles of history taking / Michael Glynn -- General patient examination and differential diagnosis / William Drake -- Ethical considerations / William Drake -- Women / Alan Naftalin -- Children and adolescents / Anna Riddell -- Older people / Adam Feather -- Psychiatric assessment / Ruth E. Taylor -- Patients presenting as emergencies / Robert Ghosh -- Patients in pain / Jayne Gallagher and Serge Nikolic -- Respiratory system / F. Runa Ali and John Moore-Gillon -- Cardiovascular system / Adam D. Timmis and Andrew Archbold -- Gastrointestinal system / Michael Glynn -- Locomotor system / David P. D'Cruz -- Nervous system / Rodney W.H. Walker -- Skin, nails and hair / Rino Cerio -- Endocrine disorders / William Drake and John Monson -- Diabetic and other metabolic disorders / Tahseen A. Chowdhury -- Kidneys and urinary tract / Raj Thuraisingham -- Eyes / Andrew Coombes -- Ear, nose, and throat / Michael J. Wareing -- Sexually transmitted infections / Beng T. Goh.
650 12 - المدخل الاضافى بالموضوع-مصطلح موضوعى
مصطلح موضوعي أو اسم جغرافي كعنصر مدخل Diagnostic Techniques and Procedures.
9 (RLIN) 16137
650 22 - المدخل الاضافى بالموضوع-مصطلح موضوعى
مصطلح موضوعي أو اسم جغرافي كعنصر مدخل Clinical Medicine
التقسيم الفرعي العام methods.
700 1# - المدخل الاضافى - اسم شخصى
الإسم الشخصى Glynn, Michael,
العنوان والكلمات الأخرى المصاحبة للاسم M.A.
9 (RLIN) 16139
700 1# - المدخل الاضافى - اسم شخصى
الإسم الشخصى Drake, W. M.
الشكل الأكمل للاسم (William M.)
9 (RLIN) 17561
700 1# - المدخل الاضافى - اسم شخصى
الإسم الشخصى Hutchison, Robert,
العنوان والكلمات الأخرى المصاحبة للاسم Sir,
التواريخ المصاحبة للاسم 1871-1960.
9 (RLIN) 16140
942 ## - عناصر المدخل الإضافي( كوها)
مصدر التصنيف او مخطط الترفيف Dewey Decimal Classification
Koha [default] item type كتاب
المقتنيات
حالة الفقد نموذج السعر الفعال حالة تلف ليس للاعارة رقم الطلب رقم النسخة تاريخ الاكتساب الموقع الحالي الباركود الفرع الرئيسي Date last checked out Date last seen نوع المادة فى نظام كوها مصدر التصنيف او خطة الترفيف Total Checkouts Total Renewals
  2013-03-10     616.075 HUC n1 2012-10-22 المكتبة المركزية بالمجمعة (CL) 00450141 المكتبة المركزية بالمجمعة (CL) 2016-01-17 2016-03-10 كتاب Dewey Decimal Classification 2  
  2013-03-10     616.075 HUC n2 2012-10-22 المكتبة المركزية بالمجمعة (CL) 00450140 المكتبة المركزية بالمجمعة (CL) 2017-02-08 2017-03-23 كتاب Dewey Decimal Classification 3  
  2013-03-10     616.075 HUC n3 2012-10-22 المكتبة المركزية بالمجمعة (CL) 00450139 المكتبة المركزية بالمجمعة (CL) 2016-01-17 2016-02-16 كتاب Dewey Decimal Classification 2  
  2013-10-31     616.075 HUC   2013-10-31 المكتبة المركزية بالمجمعة (CL) 00403157 مكتبة كلية العلوم الطبية التطبيقية بالمجمعة - طالبات (AMF) 2022-10-11 2024-08-20 كتاب Dewey Decimal Classification 1 1
  2013-10-31     616.075 HUC   2013-10-31 مكتبة كلية العلوم الطبية التطبيقية بالمجمعة - طالبات (AMF) 00403155 مكتبة كلية العلوم الطبية التطبيقية بالمجمعة - طالبات (AMF)   2013-10-31 كتاب Dewey Decimal Classification    
  2013-10-31     616.075 HUC   2013-10-31 مكتبة كلية العلوم الطبية التطبيقية بالمجمعة - طالبات (AMF) 00403156 مكتبة كلية العلوم الطبية التطبيقية بالمجمعة - طالبات (AMF)   2013-10-31 كتاب Dewey Decimal Classification    
  2013-10-31     616.075 HUC   2013-10-31 مكتبة مجمع الكليات بالزلفى - طلاب (SZM) 00403158 مكتبة مجمع الكليات بالزلفى - طلاب (SZM)   2013-10-31 كتاب Dewey Decimal Classification    
  2013-10-31     616.075 HUC   2013-10-31 مكتبة مجمع الكليات بالزلفى - طلاب (SZM) 00403159 مكتبة مجمع الكليات بالزلفى - طلاب (SZM)   2013-10-31 كتاب Dewey Decimal Classification